| 000 | 01129nam a2200277 i 4500 | ||
|---|---|---|---|
| 003 | EG-GICUC | ||
| 005 | 20260121101222.0 | ||
| 008 | 251115s1957 ua ||||fr|||| 000 0 ara d | ||
| 040 |
_a EG-GICUC _bara _c EG-GICUC _d EG-GICUC _erda |
||
| 082 | 0 | 4 |
_221 _a341.8 _bم ن . م |
| 092 | 0 | 4 | _221 |
| 099 | _aLaw1 12 341.84 ح ا .م 1957 | ||
| 100 | 0 |
_aمنصور مصطفى منصور _eمؤلف. |
|
| 245 |
_aمذكرات في القانون الدولي الخاص : _bتنازع القونين / _cمنصور مصطفى منصور. |
||
| 264 | 1 |
_aالقاهرة: _bدار المعارف , _c1957. |
|
| 300 |
_a415 صفحة ؛ _c27 سم. |
||
| 336 |
_2rda content _atext |
||
| 337 |
_2rda media _aComputer |
||
| 338 |
_2rda carrier _aOnline Resource |
||
| 504 | _aيشتمل على إرجاعات ببليوجرافية. | ||
| 546 | _aالنص أغلبه باللغة العربية مع بعض النصوص الفرنسية | ||
| 650 | 1 |
_aتنازع القوانين _xالقانون الدولي الخاص |
|
| 856 | 4 | 0 | _uhttps://fll.law.cu.edu.eg/fulltext/bks/B12-01101.pdf |
| 905 |
_a75 _eYara |
||
| 942 |
_2ddc _cBK _e21 _n0 |
||
| 999 |
_c43316 _d43316 |
||